| 000 | 01131cam a2200229 4500 | ||
|---|---|---|---|
| 001 | WB3813-24 | ||
| 008 | 020410n2002 000 0 eng u | ||
| 035 | _a(Sirsi) u117424 | ||
| 245 | _aHigh voltage electrical supply apparatus | ||
| 260 | _c2002 | ||
| 490 |
_aRICS Valuation Faculty News _v4 April 2002, (2) |
||
| 520 | _aAmendments are being issued to PSA 3.7 to reflect the current view of the National Radiological Protection Board (NRPD) on the relationship between electromagnetic fields and incidents of leukaemia. The Approval and Valuation Standards Board has approved the immediate use of the new wording prior to its release in Amendment 15 to the Red Book. http://www.rics.org/ricscms/bin/show?class=News&template=/includes/shownews.html&id=2205 | ||
| 590 | _aWB | ||
| 650 | _aAPPRAISAL AND VALUATION STANDARDS BOARD | ||
| 650 | _aHIGH VOLTAGE OVERHEAD TRANSMISSION LINES | ||
| 650 | _aELECTRICAL SUPPLY | ||
| 650 | _aPSA3.7 | ||
| 650 | _aRICS APPRAISAL AND VALUATION MANUAL | ||
| 650 | _aNATIONAL RADIOLOGICAL PROTECTION BOARD | ||
| 690 | _aPROPERTY-PROPERTY APPRAISAL AND VALUATION | ||
| 942 | _n0 | ||
| 999 |
_c69951 _d69951 |
||